Countries Who Have Only Played At One FIFA World Cup - Statistics

General Stats
  • This quiz has been taken 173 times
  • The average score is 13 of 20
Answer Stats
Year Answer % Correct
2022 Qatar
88%
2018 Panama
76%
2018 Iceland
75%
2002 China
72%
1974 Democratic Republic of the Congo
68%
1986 Iraq
68%
1938 Indonesia
66%
2006 Togo
66%
2014 Bosnia and Herzegovina
65%
1998 Jamaica
65%
2006 Trinidad and Tobago
65%
1938 Cuba
63%
2006 Angola
61%
1974 Haiti
61%
1990 United Arab Emirates
59%
2010 Slovakia
58%
1982 Kuwait
57%
1970 Israel
51%
2006 Ukraine
48%
1974 East Germany
46%
No matching quizzes found
Score Distribution
Percent of People with Each Score
Percentile by Number Answered
Your Score History
You have not taken this quiz